000 00318 a2200109 4500
001 ART_47386
005 20260410161648.0
008 260409a
245 1 0 _aRégimen simplificado de CABA
100 1 _aJanuszewski, Karina
773 0 _tConsultor tributario
_g- Año 12, N° 138 (ago. 2018)
_wREV474
999 _c13971
_d13971